| 000 | 02075cam a22003851i 4500 | ||
|---|---|---|---|
| 003 | SA-RiAUC | ||
| 005 | 20241013080612.0 | ||
| 008 | 241013s2012 su g b f000 0dara c | ||
| 020 | _a9786038002681 | ||
| 040 |
_aSA-JeOIC _bara _cSA-RiAUC. _erda |
||
| 043 | _aa-su--- | ||
| 050 | 4 | _b2012 A44 | |
| 082 | 0 | 4 |
_a953.105 _qSA-RiAUC |
| 090 |
_a953.105 _bآ ل ف |
||
| 100 | 1 |
_aآل فائع، أحمد يحيى أحمد _eمؤلف. |
|
| 245 | 1 | 2 |
_aالعلاقة بين الملك عبد العزيز والملك حسين بن علي وضم الحجاز 1328-1344 هـ / 1910-1925 / _cأحمد بن يحيى آل فائع. |
| 250 | _aالطبعة الأولى. | ||
| 264 | 1 |
_aالرياض : _bدارة الملك عبد العزيز، _c2012 |
|
| 300 |
_a432 صفحة ؛ _c24 سم. |
||
| 336 |
_aنص _btxt _2rdacontent _3كتاب |
||
| 337 |
_aبدون وسيط _bn _2rdamedia |
||
| 338 |
_aمجلد _bnc _2rdacarrier |
||
| 490 | 1 |
_aإصدارات دارة الملك عبد العزيز ؛ _aسلسلة الرسائل الجامعية ؛ _v272. _v38 |
|
| 504 | _aببليوجرافية : صفحة 343-405. | ||
| 600 | 1 | 7 |
_aابن سعود، عبد العزيز بن عبد الرحمن بن فيصل، _cملك السعودية، _d1293-1373 هجري _2aucnm |
| 600 | 0 | 7 |
_aالحسين بن علي بن محمد، _cملك الحجاز، _d1270-1350 هجري _2aucnm |
| 651 | 7 |
_aالحجاز (السعودية) _xتاريخ _yعبد العزيز بن عبد الرحمن، 1319-1373 هجري _2aucsh |
|
| 651 | 7 |
_aالحجاز (مملكة) _xتاريخ _yالحسين بن علي، 1334-1342 هجري _2aucsh |
|
| 830 | 0 |
_aإصدارات دارة الملك عبد العزيز _v272 |
|
| 830 | 0 |
_aسلسلة الرسائل الجامعية (دارة الملك عبد العزيز) _v38 |
|
| 830 | 0 |
_aإصدارات دارة الملك عبد العزيز _v272 |
|
| 830 | 0 |
_aسلسلة الرسائل الجامعية (دارة الملك عبد العزيز) _v38 |
|
| 942 |
_2ddc _cBOOK _n0 |
||
| 949 |
_aSA-JeALM _d241013 _umohamedma123 _n1 |
||
| 999 |
_c1251 _d1251 |
||